Van Gogh / (Record no. 10068)
[ view plain ]
| 000 -LEADER | |
|---|---|
| fixed length control field | 00603cam a2200229 4500 |
| 001 - CONTROL NUMBER | |
| JCCL Control Number | 10068 |
| 003 - CONTROL NUMBER IDENTIFIER | |
| JCCL marc code | BD-JhCC |
| 005 - DATE AND TIME OF LATEST TRANSACTION | |
| control field | 20230521081852.0 |
| 008 - FIXED-LENGTH DATA ELEMENTS--GENERAL INFORMATION | |
| fixed length control field | 180405s1967 nyua 000 0 eng |
| 020 ## - INTERNATIONAL STANDARD BOOK NUMBER | |
| International Standard Book Number | 0151933626 |
| 035 ## - SYSTEM CONTROL NUMBER | |
| system control number | (BD-JhCC)10068 |
| 040 ## - CATALOGING SOURCE | |
| Original cataloging agency | DLC |
| Transcribing agency | DLC |
| Modifying agency | DLC |
| -- | BD-JhCC |
| 041 1# - LANGUAGE CODE | |
| Language code of Book | engjpn |
| 050 00 - LIBRARY OF CONGRESS CALL NUMBER | |
| Classification number | ND653.G7 |
| Item number | T58 |
| 082 00 - DEWEY DECIMAL CLASSIFICATION NUMBER | |
| Classification number | 759.9/492 |
| Author mark and Year | LAR 1967 |
| 100 1# - MAIN ENTRY--PERSONAL NAME | |
| Personal name | Masini, Lara Vinca |
| 245 00 - TITLE STATEMENT | |
| Title | Van Gogh / |
| Statement of responsibility, etc | Lara Vinca Masini, |
| 260 ## - PUBLICATION, DISTRIBUTION, ETC. (IMPRINT) | |
| Place of publication, distribution, etc | New York : |
| Name of publisher, distributor, etc | Harcourt Brace Jovanovich, |
| Date of publication, distribution, etc | 1967. |
| 300 ## - PHYSICAL DESCRIPTION | |
| Pagination | 87 p. |
| Other physical details | illus. (part col.) |
| Dimensions | 18 cm. |
| 942 ## - ADDED ENTRY ELEMENTS (KOHA) | |
| Source of classification or shelving scheme | Dewey Decimal Classification |
| Koha item type | Reference |
| Source of classification or shelving scheme | Damaged status | Not for loan | Home library | Current library | Shelving location | Date of accession | Total Checkouts | Full call number | Barcode | Date last seen | Copy number | Koha item type |
|---|---|---|---|---|---|---|---|---|---|---|---|---|
| Dewey Decimal Classification | JCC Rouf Library | JCC Rouf Library | General Stacks | 04/04/2018 | 759.9/492 LAR 1967 | 12748 | 04/05/2018 | C-1 | Reference |